000 00608nam a2200229Ia 4500
005 20250508163900.0
008 008 250505s9999 xx 000 0 hin d
037 _aTextBook
040 _aFEDL
_beng
_cFEDL
041 _ahin
_2eng
084 _a370, GIJ
_qFEDL
100 _aBadheka Gijubhai
_9776661
245 0 _aMata - pita se
260 _aDelhi, India
_bSanskriti Sahitya
_c2000
300 _a119p
365 _aINR
_b150
490 _aShiksha ke Vividh Aayam 11
650 _aEducation
700 _a Ramesh dev Tr.
_9776662
942 _cTB
_h370, GIJ
999 _c1385770
_d1385770